• 首页
  • 本馆介绍
  • 公告通知
  • 最新文献
  • 馆藏检索
  • 电子资源
  • 读者导购
  • 参考咨询
  • 我的图书馆
  • 登录
  • 详细信息显示
  • 放入我的书架
  • 预约/预借图书
  • 作者相关作品
  • 分类相关作品
  • 丛书相关作品
  • 出版社相关作品

书目信息

  • 表格格式
  • 工作单格式
  • 卡片格式
题名:
教苑论文选
    
 
作者: 杨立元 , 苏君礼 , 张宇天 编
分册:  
出版信息: 北京   中国国际广播出版社  1997
页数: 492页
开本: 20cm
丛书名:
单 册:
中图分类: G420 , G521-53
科图分类:
主题词: 教育事业--世界
电子资源:
ISBN: 7-5078-1474-2
000 00669nam0 2200217 450
001 0728815141
005 20090617105049.68
010    @a7-5078-1474-2@dCNY17.00
100    @a20070819d1997 km y0chiy0120 ea
101 0  @achi
200 1  @a教苑论文选@Ajiao yuan lun wen xuan@f杨立元,苏君礼,张宇天等编@Fyang li yuan,su jun li,zhang yu tian deng bian
210    @a北京@c中国国际广播出版社@d1997
215    @a492页@d20cm
606 0  @a教育事业@x世界
690    @aG420@v3
690    @aG521-53@v4
701  0 @a杨立元@Ayang li yuan@4编
701  0 @a苏君礼@Asu jun li@4编
701  0 @a张宇天@Azhang yu tian@4编
801  0 @aCN@bPFT@c20090617
905    @a213230@dG521-53@e133@f1
    
    教苑论文选/杨立元,苏君礼,张宇天等编.-北京:中国国际广播出版社,1997
    492页;20cm
    
    
    ISBN 7-5078-1474-2:CNY17.00
    
●
相关链接 在E读中查询图书 在五车中查询图书 在当当中查询图书 在豆瓣中查询图书


正题名:教苑论文选     索取号:G521-53/133         预约/预借

序号 登录号 条形码 馆藏地/架位号 状态 备注
1 0626955   206269553   第一样本阅览室/ [索取号:G521-53/133] 在馆    
2 0626956   206269562   第四借阅区/ [索取号:G521-53/133] 在馆    
3 0626957   206269571   第四借阅区/ [索取号:G521-53/133] 在馆    
4 0626958   206269580   师院文库/ [索取号:G521-53/133] 在馆    
唐山师范学院图书馆 欢迎您!
大连网信软件有限公司© 版权所有